00473nam a22001692 4500001001100000005001700011008004100028020001700069040001500086100003200101245008000133250001300213260003000226300001500256650002900271852000300300000002133520151217155909.0120315s xx 000 0 eng d a9966777482 : aKABUcKABU1 aOsiolo, Hellen.@000018215510aEnhancing household fuel choice and substitution in Kenya /cHellen Osiolo. a1st ed. aNairobi :bKIPPRA,c2009. avi, 50 p. 0aFuelzKenya.@00001821561